000 00920nam a2200265 a 4500
003 CBULib
005 20240517083234.0
008 220602s2021 ||||||||||||||||| || u
020 _a9789211130263
040 _aCBULib
_bEnglish
_cCBULib
_erda
041 _aeng
050 _aUNCTAD(058)RMT/2021
110 _aUnited Nations Conference on Trade and Development (UNCTAD)
245 1 0 _aReview of maritime transport 2021
_c/ by United Nations Conference on Trade and Development (UNCTAD)
260 _aGeneva :
_bUnited Nations,
_c2021
300 _axxiv, 147 pages : illustrations
336 _2rdacontent
_aText |
_btxt
337 _2rdamedia
_aUnmediated |
_bn
338 _2rdacarrier
_aVolume
_bnc
650 _aMERCHANT MARITIME-STATISTICS
650 _aSHIPPING--STATISTICS--PERIODICALS
650 _aWATER TRANSPORT
942 _2mc
_c029
999 _c56488
_d56488